000 01842nam0a2200421 4500
001 RU\NLR\bibl\190855
005 20260405170050.0
010 _a5-7598-0080-9
_92000
021 _aRU
_b2001-6647
_9316
035 _a(NLR Aleph) 000187376
090 _a1082859
_c1082859
100 _a20010926d2001 |||y0rusy50 ca
101 0 _arus
102 _aRU
105 _ay |||||||||
200 1 _aЭмиль Дюркгейм в России
_eРецепция дюркгейм. социологии в рос. соц. мысли
_fА. Б. Гофман
_gГос. ун-т, Высш. шк. экономики
210 _aМ.
_cГУ ВШЭ
_cМАКС-пресс
_d2001
215 _a99,[2] с.
_d20
320 _aБиблиогр.: 88-100
600 1 _aДюркгейм
_bЭ.
_f1858 - 1917
_gЭмиль
_xСоциологические взгляды
_92184815
_3RU\NLR\auth\661313609
600 1 _aДюркгейм
_bЭ.
_gЭмиль
_f1858-1917
_2psbo
606 0 _aСоциология
_xИстория
_yРоссия
_z20 в.
_92146731
_3RU\NLR\auth\661293267
610 0 _aФранцузская социология, 19-20 вв.
610 0 _aРусско-французские научные связи - История, 14-20 вв.
610 0 _aРоссийская Федерация
610 0 _aФранция, социологиясоциология
675 _a316.2(44+470)+929Дюркгейм
_v3
_zrus
686 _a04
_2rugasnti
686 _a60.5
_2rubbk
686 _aС51(2)6
686 _aС51(4Фр)6-15
700 1 _4070
_8rus
_7ca
_aГофман
_bА. Б.
_cд-р социол. наук
_f1945-
_gАлександр Бенционович
_3RU\NLR\auth\7771894
_954822
801 0 _aRU
_bRKP
_c20010926
_gPSBO
801 1 _aRU
_bRKP
_c20010926
801 2 _aRU
_bNLR
_c20081218
_grcr
942 _cBOOK
980 _aNB